Science Quiz

Random Science or Animal Quiz

The Sporcle Zoo IX Quiz Stats

Quiz Updated Jan 31, 2018

Challenge
Share
Tweet
Score 0/25 Timer 07:00
2 Plays Today
% Correct
Ocellate river stingray
92.3%
Daurian hedgehog
87.4%
Amazonian giant centipede
85.8%
Atlantic ghost crab
83%
European hare
83%
Cinereous vulture
81.4%
Boa constrictor
81.2%
Peregrine falcon
80%
Ethiopian wolf
78.8%
Blue mussel
75.3%
Domesticated silkmoth
73.1%
Pheasant
71.1%
European tree frog
67.7%
% Correct
Pillar coral
67.5%
Migratory locust
64.6%
Eastern newt
63%
Southern royal albatross
58%
Tasmanian devil
57.3%
Musk ox
54.2%
Dwarf yellow-headed gecko
49.6%
Medium ground finch
39.1%
Atlantic sturgeon
28.2%
Atlantic cod
22.5%
Pacific sea nettle
14.8%
Moorish idol
11.5%

You're not logged in!

Compare scores with friends on all Sporcle quizzes.
Sign Up with Email
OR
Log In

You Might Also Like...

Show Comments

Extras

Top Quizzes Today


Score Distribution

Your Account Isn't Verified!

In order to create a playlist on Sporcle, you need to verify the email address you used during registration. Go to your Sporcle Settings to finish the process.

Report this User

Report this user for behavior that violates our Community Guidelines.

Details: